Erdzeitalter (von Beginn bis heute) - Statistiken

Allgemein
  • Dieses Quiz wurde 386 mal gespielt
  • Das Durchschnittsergebnis liegt bei 10 aus 15
Antwortstatistiken
Zeitraum Name des Abschnittes % Korrekt
vor ~ 200 bis 145 Mio. Jahren Jura
94%
vor ~ 145 bis 65 Mio. Jahren Kreide
92%
vor ~ 251 bis 200 Mio. Jahren Trias
84%
vor ~ 299 bis 251 Mio. Jahren Perm
73%
vor ~ 542 bis 488 Mio. Jahren Kambrium
70%
vor ~ 416 bis 359 Mio. Jahren Devon
68%
vor ~ 444 bis 416 Mio. Jahren Silur
68%
vor ~ 359 bis 299 Mio. Jahren Karbon
65%
vor ~ 2,6 bis heute Quartär
63%
vor ~ 488 bis 444 Mio. Jahren Ordovizium
55%
vor ~ 65 bis 23 Mio. Jahren Paläogen
48%
vor ~ 4 bis 2,5 Mrd. Jahren Archaikum
47%
vor ~23 bis 2,6 Mio. Jahren Neogen
47%
vor ~ 4,6 bis 4 Mrd. Jahren Hadaikum
40%
vor ~ 2,5 Mrd. bis 542 Mio. Jahren Proterozoikum
37%
Keine übereinstimmenden Quizze gefunden
Verteilung der Resultate
Anzahl Personen mit jedem Resultat
Perzentil nach korrekt beantworteten Fragen
Ihre Resultats-Entwicklung
Sie haben dieses Quiz noch nicht gespielt